Central Library OPAC University of Rajshahi

New trends in natural products chemistry, 1986 : (Record no. 14615)

MARC details
000 -LEADER
fixed length control field 01321nam a2200325 a 4500
001 - CONTROL NUMBER
control field 14615
003 - CONTROL NUMBER IDENTIFIER
rucl marc code BD-RjUL
005 - DATE AND TIME OF LATEST TRANSACTION
control field 20211208235648.0
008 - FIXED-LENGTH DATA ELEMENTS--GENERAL INFORMATION
fixed length control field 140206s1986 ne b 101 0 eng d
020 ## - INTERNATIONAL STANDARD BOOK NUMBER
International Standard Book Number 0444426914 (vol. 26)
International Standard Book Number 0444417370 (series)
035 ## - SYSTEM CONTROL NUMBER
System control number (BD-RjUL)14668
040 ## - CATALOGING SOURCE
Original cataloging agency DLC
Transcribing agency DLC
Language of cataloging eng
Modifying agency BD-RjUL
041 ## - LANGUAGE CODE
Language code of text/sound track or separate title eng
082 ## - DEWEY DECIMAL CLASSIFICATION NUMBER
Classification number 547.7
Author mark and year NEW
111 2# - MAIN ENTRY--MEETING NAME
Meeting name or jurisdiction name as entry element International Symposium and Pakistan-U.S. Binational Workshop on Natural Products Chemistry
Date of meeting 1986 :
Location of meeting Karachi, Pakistan)
Number of part/section/meeting (2nd.
9 (RLIN) 206892
245 10 - TITLE STATEMENT
Title New trends in natural products chemistry, 1986 :
Remainder of title proceedings of the Second International Symposium and Pakistan-U.S. Binational Workshop on Natural Products Chemistry, Karachi, Pakistan, 18-25 January 1986 /
Statement of responsibility, etc. edited by Atta-ur-Rahman, Philip W. Le Quesne
260 ## - PUBLICATION, DISTRIBUTION, ETC. (IMPRINT)
Place of publication, distribution, etc. Amsterdam ;
-- Oxford :
Name of publisher, distributor, etc. Elsevier,
Date of publication, distribution, etc. 1986.
300 ## - PHYSICAL DESCRIPTION
Pagination xiii, 674 p. :
Illustrations ill. ;
Size 25 cm.
490 ## - SERIES STATEMENT
Series statement Studies in organic chemistry
Volume/sequential designation 26
504 ## - BIBLIOGRAPHY, ETC. NOTE
Bibliography, etc Includes bibliographies and index.
650 #0 - SUBJECT ADDED ENTRY--TOPICAL TERM
Topical term or geographic name as entry element Natural products
General subdivision Congresses
9 (RLIN) 45557
Topical term or geographic name as entry element Chemistry
9 (RLIN) 214134
700 1# - ADDED ENTRY--PERSONAL NAME
Personal name Rahman, Atta-ur-,
Dates associated with a name 1942-
Personal name Le Quesne, Philip W.
830 #0 - SERIES ADDED ENTRY--UNIFORM TITLE
Volume number/sequential designation 26
Uniform title Studies in organic chemistry (Elsevier) ;
942 ## - ADDED ENTRY ELEMENTS (KOHA)
Source of classification or shelving scheme Dewey Decimal Classification
Koha item type Books
Holdings
Lost status Source of classification or shelving scheme Damaged status Not for loan Collection code Permanent Location Current Location Shelving location Date acquired Source of acquisition Cost, normal purchase price Total Checkouts Full call number Date last seen Copy number Koha item type
  Dewey Decimal Classification     Non-fiction Central Library, University of Rajshahi Central Library, University of Rajshahi   28/01/1990 Abacus, London 104.97   547.7 NEW 1986 06/02/2014 C-4 Books
  Dewey Decimal Classification   Not For Loan Non-fiction Central Library, University of Rajshahi Central Library, University of Rajshahi Reading Room 07/09/1989 Abacus London 380.00   547.7 NEW 1986 13/04/2017 C-1 Books
  Dewey Decimal Classification     Non-fiction Central Library, University of Rajshahi Central Library, University of Rajshahi   07/09/1989 Abacus London 380.00   547.7 NEW 1986 16/05/2017 C-2 Books
  Dewey Decimal Classification     Non-fiction Central Library, University of Rajshahi Central Library, University of Rajshahi   07/09/1989 Abacus London 380.00   547.7 NEW 1986 16/05/2017 C-3 Books